LEADER 00912nam a2200229 i 4500 001 000000167661 003 CaOOAMICUS 005 20071206000000.0 008 071206s1973 it u000 u ita u 013 $a145060 040 $aSeMil$bita 100 1 $aOcampo, Silvina.$0(OLS)http://semarc/name/63035 245 10$aPorfiria /$cSilvina Ocampo ; a cura di Italo Calvino ; traduzione di Livio Bacchi Wilcock. 260 $aTorino :$bEinaudi,$ccopyr. 1973. 300 $aIX, 284 p. ;$c23 cm. 700 1 $aBacchi Wilcock, Livio,$d<1940-2013>.$0(OLS)http://semarc/name/59135 700 1 $aCalvino, Italo,$d<1923-1985>.$0(OLS)http://semarc/name/3149 850 $aSeMil 852 $aSeMil$W1$xVenegono$y1$m1B V 244$j248779$B118812$CSeMilBibl$Z2$F129646 $81 961 $aRecupero: Altro 996 $6245$aPorfiria$9(OLS)http://semarc/title/239899 996 $6260$aTorino :$bEinaudi$9(OLS)http://semarc/publisher/29884 LEADER 00844nam a2200193 i 4500 001 000000252126 003 CaOOAMICUS 005 20161214000000.0 008 161214s1793 it u000 u ita u 013 $a231031 026 $ao,l- 2.e- 5.at (ami (3) 1793 (R) 040 $aSeMil$bita 245 10$aVolume 3. 300 $a[2], xij, 424 p., [1] carta di tav. :$bill. calcogr. 500 $aVignette calcogr. e xilogr. - Segn.: pg1 a6 A-3G4. 773 0 $tDelle antichità longobardico-milanesi illustrate con dissertazioni dai monaci della congregazione cisterciese di Lombardia. Volume 1. [-4.].$dIn Milano : Nell'Imperial Monistero di S. Ambrogio Maggiore, 1792-1793.$g3$w()11237 850 $aSeMil 852 $aSeMil$W1$xVenegono$y1$m3O VII 3 FA$j202472$B202472$CSeMilBibl$Z2$F215221 $8I 996 $6245$aVolume 3$9(OLS)http://semarc/title/24829